000 01114nam2a22002411 4500
001 RU\NLR\INFOCOMM16\ROSSICA\1000468770
005 20250613185348.0
035 _a(NLR Aleph) 009886298
090 _a10497099
_c10497099
100 _a20030703d1897 |||y0rusy50 ca
101 0 _afre
102 _aRU
105 _ay ||||000ay
200 0 _aI
210 _d1897
_aБ. м.
461 0 _1001RU\NLR\INFOCOMM16\ROSSICA\1000468769
_12001#$aCatalogue de l'Exposition Scandinave en 1897$fExpositions d'oeuvres d'artistes étrangers à la Société Impériale d'encouragement des arts.Gr.Morskaia, 38, St.Pétersbourg$vI
_910497096
_aExpositions d'oeuvres d'artistes étrangers. Société Impériale d'encouragement des arts (St.Pétersbourg)
_cС.Петербургъ
_d1897
_fExpositions d'oeuvres d'artistes étrangers à la Société Impériale d'encouragement des arts.Gr.Morskaia, 38, St.Pétersbourg
_tCatalogue de l'Exposition Scandinave en 1897
_vI
801 1 _aRU
_bInfoComm
_c20030703
801 0 _aRU
_bNLR
_gPSBO
852 _aNLR
_j12.53a.12.256
942 _cBOOK
980 _aNB
980 _aRossica